000 00994nam a22003617a 4500
001 BR6003265
003 BR-BrBNA
005 20230928083149.0
007 ta
008 230509b bl.||||| |||| 00| 0 por d
040 _aBR-BrBNA
_bpor
_cBiblioteca Nacional de Agricultura
041 _a(Por)
072 _aF00; E70
_b0470
_b/G514
090 _ 0470 BR6003265
100 1 _aThury, A.
110 1 _aComissao Executiva Textil, Rio de Janeiro, GB (Brasil)
_92159
245 1 _aA juta brasileira [Pratica cultural; Mercado; Beneficiamento; Regiao Amazonica]
260 3 _aRio de Janeiro, GB (Brasil):
_c1948.
300 _a90 p.
650 _aJUTA
650 _aACLIMATACAO
650 _aPRATICA CULTURAL
650 _aDESBASTE
650 _aCAPINA
650 _aCOLHEITA
650 _aBENEFICIAMENTO
650 _aRENDIMENTO
650 _aESTRUTURA VEGETAL
650 _aEXPORTACAO
650 _aREGIAO AMAZONICA
909 _a202309
_bLucia
_c55
_dLucia Elande
942 _cBK
999 _c11920
_d11920